Distintivos denominacionales - 1981-1983-1984 / Amparo García Peña...[et. al.] (Registro nro. 31791)
[ vista simple ]
| 000 -LÍDER | |
|---|---|
| Campo fijo de descripción fija | 008700000a22001450004500 |
| 001 - NÚMERO DE CONTROL | |
| Campo de control | 254 |
| 041 0# - CÓDIGO DE IDIOMA | |
| Código de idioma para texto/pista de sonido o título separado | |
| 082 04 - NÚMERO DE CLASIFICACIÓN DECIMAL DEWEY | |
| Número de clasificación | R 261.91 D41313d |
| 245 10 - TÍTULO | |
| Título del Material | Distintivos denominacionales - 1981-1983-1984 / Amparo García Peña...[et. al.] |
| 260 ## - PUBLICACIÓN, DISTRIBUCIÓN, ETC. (PIE DE IMPRENTA) | |
| Lugar de publicación, distribución, etc. | Medellín, Colombia : Seminario Bíblico de Colombia |
| 300 ## - DESCRIPCIÓN FÍSICA | |
| Extensión | [pag. varía]. |
| 505 00 - NOTA DE CONTENIDO | |
| Nota de contenido con formato preestablecido | - Iglesia Presbiteriana, Amparo García, Edilberto Daza, Armando Sandoval - Iglesia Interamericana de Colombia, Carlos Cabrera - Asociación de Iglesias Evangélicas de Colombia AIEC, Pablo Castro - Asociación de Iglesias Evangélicas del Magdalena ASIEMAG, Milton E Martínez - Asociación de Iglesias Evangélicas Emanuel, John Fredy Rodríguez - Centro Evangelizador La Victoria, Diego E. Pineda - Hermanos Menonitas, Crisóstomo y Beatriz Humanez |
| 650 14 - ASIENTO SECUNDARIO DE MATERIA - TERMINO TEMÁTICO | |
| Término temático o nombre geográfico como elemento de entrada | IGLESIA - DENOMINACIONES \ IGLESIA - HISTORIA |
| 942 ## - TIPO DE MATERIAL (KOHA) | |
| Tipo de Item KOHA | Libros General |
| Estado de Material | Estado de Perdido | Volumen-Parte/Tomo | Estado de Dañado | No para Préstamo | Colección | Tomo | Biblioteca de Origen | Biblioteca Permanente | Fecha de Adquisición | Total de Préstamos | Signatura Topográfica | Código de Barras | Última vez visto | Ejemplar/Existencia | Fecha de Remplazo | Tipo de Material |
|---|---|---|---|---|---|---|---|---|---|---|---|---|---|---|---|---|
| 13 | Colección de Referencia | Biblioteca FUSBC | Biblioteca FUSBC | 07/09/2004 | R 261.91 D41313d | 8515 | 31/05/2025 | 1 | 26/01/2016 | Libros de Referencia |
